000 00724nam a2200289Ia 4500
005 20260324142005.0
008 008 260324s9999 xx 000 0 eng d
020 _a9780203736623
037 _aEBOOK
040 _aCRL
040 _beng
040 _cCRL
041 _2eng
041 _aeng
084 _qCRL
100 _aJ Bond
_91210278
245 4 _aThe Hazards of Life and All That
245 2 _bA look at some accidents and safety curiosities, past and present, Third Edition
260 _bTaylor and Francis
260 _c1996
365 _a
365 _b400
856 _uhttp://www.taylorfrancis.com/books/9780203736623
942 _cEBOOK
999 _c1813959
_d1813959